Sovmestnyje magisterskije programmy kak forma mežkuľturnoj kommunikacii (opyt sozdanija sovmestnych magisterskich programm na primere Ekonomičeskogo universiteta v Bratislave)

Spoločné magisterské študijné programy ako forma interkultúrnej komunikácie. Dokument Európskej únie o jednotnom vysokoškolskom vzdelávaní - Bolonský proces. Dvojstupňové vzdelávanie na príklade Ekonomickej univerzity v Bratislave. Mobilita študentov a spolupráca vysokých škôl.

Salvato in:
Dettagli Bibliografici
Autore principale: Strelková, Katarína
Natura: Capitolo di libro
Lingua:russo
Soggetti:
Tags: Aggiungi Tag
Nessun Tag, puoi essere il primo ad aggiungerne!!

MARC

LEADER 00000naa$a2200000$$$4500
001 0117905
005 20240502083306.7
041 0 |a rus 
044 |a UA 
245 1 0 |a Sovmestnyje magisterskije programmy kak forma mežkuľturnoj kommunikacii (opyt sozdanija sovmestnych magisterskich programm na primere Ekonomičeskogo universiteta v Bratislave)  |c Katarína Strelková 
520 |a Spoločné magisterské študijné programy ako forma interkultúrnej komunikácie. Dokument Európskej únie o jednotnom vysokoškolskom vzdelávaní - Bolonský proces. Dvojstupňové vzdelávanie na príklade Ekonomickej univerzity v Bratislave. Mobilita študentov a spolupráca vysokých škôl. 
610 2 0 |a vzdelávanie vysokoškolské 
610 2 0 |a univerzity 
610 2 0 |a spolupráca medzinárodná 
610 2 0 |a programy študijné 
610 2 0 |a komunikácia multikultúrna 
610 2 0 |a Európska únia 
100 1 |a Strelková, Katarína